عرض عادي
عرض مارك
- الدسوقي، طارق نبيل محمد
دخول Personal Name
001 - CONTROL NUMBER
- control field: 27300
003 - CONTROL NUMBER IDENTIFIER
- control field: AE-AdECS
005 - DATE AND TIME OF LATEST TRANSACTION
- control field: 20260317130250.0
008 - FIXED-LENGTH DATA ELEMENTS
- fixed length control field: 260317|| aca||aabn | a|a d
040 ## - CATALOGING SOURCE
- Original cataloging agency: AE-AdECS
- Transcribing agency: AE-AdECS
100 ## - HEADING--PERSONAL NAME
- Personal name: الدسوقي، طارق نبيل محمد
670 ## - SOURCE DATA FOUND
- Source citation: Work cat.: (AE-AdECS)294417: الدسوقي، طارق نبيل محمد مؤلف., إدارة المخاطر والأزمات /
